000 00318nam a22000857a 4500
999 _c521684
_d521684
100 _aInstitute Of Wood Science And Technology
_935850
245 _aSelected Reading On Intellectual Property Rights:
_bContemporary And Emerging Issues
260 _aBangalore
_bInstitute Of Wood Science And Technology
_c2006
300 _a136p.